| 000 | 00991nam a2200205Ia 4500 | ||
|---|---|---|---|
| 999 |
_c439 _d439 |
||
| 020 | _a0-8393-6080-0 | ||
| 082 | _aRR 909.82 TWE- | ||
| 100 | _aCross, R.W./s | ||
| 245 | 0 | _a20th century | |
| 260 |
_aLondon _bPurnell Reference Books _c1979 |
||
| 500 | _acontents: 20Vols. Vol.1.(xii, 1-140p.) - v.2.(141-280p.) - v.3.(281-420p.) - v.4.(421-560p.) - v.5.(561-700p.) - v.6.(701-840p.) - v.7.(841-980p.) - v.8.(981-1120p.) - v.9.(1121-1260p.) - v.10.(1261-1400p.) - v.11.(1401-1540p.) - v.12.(1541-1680p.) - v.13.(1681-1820p.) - v.14.(1821-1960p.) - v.15.(1961-2100p.) - v.16.(2101-2240p.) - v.17.(2241-2380p.) - v.18.(2381-2520p.) - v.19.(2521-2660p.) - v.20.(2661-2832p.) | ||
| 504 | _aedition for 1971 published under title: Purnell's history of the 20th century | ||
| 650 | _aUniversal history | ||
| 650 |
_aWorld history _z20th century |
||
| 650 |
_aHistory _vModern _z20th century |
||
| 700 | _aCross, R.W. | ||
| 700 | _aTaylor, A.J.P. | ||
| 700 | _aRoberts, J.M. | ||
| 942 |
_cBK _2ddc |
||